Pokrokové formy soutěžení v místním hospodářství /

Hlavní autor: Melka, Josef, -1976
Další autoři: Martínek, Otakar
Jazyk: Čeština
Vydáno: Praha : TEPS místního hospodářství, 1962 [i.e. 1963]
Edice: Knižnice místního hospodářství
Fyzický popis: 46 s. ; 8°
Knihy
Uloženo v:
LEADER 00999nam a22002892a 4500
001 001641408
003 CZ BrMZK
005 20180809091853.0
007 ta
008 180809s1962 xr er|||||||||||cze d
015 |a cnb000475194 
035 |a (OCoLC)42099989 
040 |a ABA001  |b cze  |c OSA001  |d ABA001  |d BOA001 
080 9 |a 331.874.2:351.712(437-2) 
100 1 |a Melka, Josef,  |d -1976  |7 jk01081158  |4 aut 
245 1 0 |a Pokrokové formy soutěžení v místním hospodářství /  |c Josef Melka a Otakar Martínek 
260 |a Praha :  |b TEPS místního hospodářství,  |c 1962 [i.e. 1963] 
300 |a 46 s. ;  |c 8° 
490 1 |a Knižnice místního hospodářství ;  |v sv. 2/403 
500 |a V tiráži vročení 1963 
500 |a 3000 výt. 
700 1 |a Martínek, Otakar  |4 aut 
830 0 |a Knižnice místního hospodářství 
910 |a BOA001  |b X-0490.280 
990 |a BK 
991 |b 201808 
996 6 |b 2618948679  |c X-0490.280  |l MZK  |r Sklad / do 24 hodin  |n 0  |w 001677401  |u 000010  |a 1  |e BOA001  |j MZK50  |s P